000 00666nam a22002417a 4500
001 95052
003 UA-OsUOA
005 20210907162025.0
007 ta
008 20130221b un ||||| |||| 00| 0 ukr d
020 _a9786175150504
040 _aUA-OsUOA
_bukr
_cUA-OsUOA
_dUA-OsUOA
041 _aukr
080 _a821.161.2
090 _a821.161.2
_bР69
100 _aРоманчук В. Р.
245 _aДжерело наснаги
_bповість, оповідання
260 _aРівне
_bПП ДМ
_c2011
300 _a144 с.
650 7 _a82 Література. Літературознавство
_2UDC
942 _cBK
_2udc
955 _a3
999 _c381296
_d381296